Livros da Bíblia - Statistics

Estatísticas Gerais
  • Esse quiz foi jogado 170 vezes
  • A pontuação média é 39 de 66
Estatísticas das Respostas
Hint Resposta % Correto
Pentateuco Gênesis
97%
Poético
92%
Carta Geral III João
89%
Carta Geral II João
89%
Carta Geral I João
89%
Evangelho João
88%
Pentateuco Êxodo
87%
Profético Apocalipse
84%
Evangelho Lucas
83%
Evangelho Mateus
82%
Pentateuco Números
81%
Poético Salmos
81%
Evangelho Marcos
75%
Pentateuco Deuteronômio
72%
Carta Paulina I Coríntios
72%
Carta Paulina II Coríntios
72%
Histórico VT II Reis
69%
Histórico VT I Reis
69%
Carta Geral II Pedro
68%
Carta Geral I Pedro
68%
Carta Geral Judas
67%
Histórico VT Josué
66%
Poético Provérbios
66%
Histórico VT Rute
66%
Poético Cantares
65%
Histórico VT II Samuel
64%
Histórico VT I Samuel
64%
Profeta Maior Isaías
63%
Histórico NT Atos
61%
Histórico VT Ester
60%
Histórico VT Juízes
60%
Pentateuco Levíticos
59%
Carta Paulina Romanos
59%
Profeta Maior Daniel
57%
Histórico VT I Crônicas
56%
Histórico VT II Crônicas
56%
Carta Geral Hebreus
53%
Carta Geral Tiago
53%
Poético Eclesiastes
52%
Carta Paulina Efésios
51%
Carta Paulina II Tessalonicenses
51%
Carta Paulina I Tessalonicenses
51%
Profeta Menor Malaquias
50%
Histórico VT Neemias
50%
Profeta Maior Jeremias
49%
Histórico VT Esdras
48%
Carta Paulina Filipenses
48%
Profeta Maior Ezequiel
46%
Carta Paulina II Timóteo
46%
Carta Paulina I Timóteo
46%
Profeta Maior Lamentações
46%
Profeta Menor Jonas
44%
Carta Paulina Colossenses
43%
Carta Paulina Gálatas
43%
Profeta Menor Habacuque
43%
Profeta Menor Miquéias
42%
Carta Paulina Tito
42%
Profeta Menor Joel
40%
Profeta Menor Naum
38%
Profeta Menor Zacarias
38%
Profeta Menor Amós
37%
Profeta Menor Obadias
37%
Profeta Menor Oséias
37%
Carta Paulina Filemon
35%
Profeta Menor Ageu
33%
Profeta Menor Sofonias
23%
Nenhum quiz correspondente encontrado
Distribuição das Pontuações
Porcentagem de Pessoas com Cada Pontuação
Percentil de Números Respondidos
Sua Pontuação Histórica
Você não jogou esse quiz